000 01002cam a2200301 a 4500
001 4475302
003 ARRUPE
005 20150305131544.0
008 910403s1991 nyu b 001 0 eng
010 _a90049049
020 _a0883447223 (pbk.)
035 _a(OCoLC)22492109
035 _a(OCoLC)ocm22492109
035 _a(NNC)4475302
040 _aDLC
_cDLC
_dNNUT
050 0 0 _aBX1795.J87
_bD67 1991
090 _aBX1795.J87
_bD67 1991
100 1 _aDorr, Donal.
_915298
245 1 4 _aThe social justice agenda :
_bjustice, ecology, power, and the church /
_cDonal Dorr.
260 _aMaryknoll, N.Y. :
_bOrbis Books ;
_aDublin :
_bGill and Macmillan,
_cc1991.
300 _a201 p. ;
_c22 cm.
504 _aIncludes bibliographical references and index.
610 2 0 _aCatholic Church
_xDoctrines.
_915299
650 0 _aChristianity and justice
_xCatholic Church.
_915300
650 0 _aSocial justice.
_915301
_xReligious aspects
_xCatholic Church
942 _2lcc
_cMONOGRAPH
999 _c122101
_d122101